000 00717nam a2200241 i 4500
003 MX-MxUPN
005 20260312064039.0
008 101012s2004 mx r 000 0 spa d
020 _a9703215300
035 _aUPN01000178169
040 _aMX-MxUPN
_bspa
_cMX-MxUPN
041 0 _aspa
050 4 _aHQ767
_bR62 2004
100 1 _aRodríguez Ramírez, Gabriela,
_d1953-
_934651
245 1 3 _aEl aborto
260 _aMéxico, D.F. :
_bUniversidad Nacional Autónoma de México, Dirección General de Divulgación de la Ciencia,
_c2004.
300 _a164 páginas
490 0 _a¿Cómo ves? ;
_v4
650 4 _aAborto
_9246
650 4 _aControl de la natalidad
_912362
905 _aLibro
942 _2lcc
_cLIBRO
999 _c150272
_d150272